| 000 | 01833ngm a2200349 4500 | ||
|---|---|---|---|
| 003 | dpl | ||
| 005 | 20080723110517.0 | ||
| 007 | DVD | ||
| 008 | ||||||sp199 xxu|||||c|||| 00| 0 eng d | ||
| 010 | _aDVD-000847-849 | ||
| 024 |
_a00WH6 _c699.00 for set of 2 DVD |
||
| 035 | _aDVD-000847-849 | ||
| 040 |
_aDPL _cDPL |
||
| 082 | _aDVD / MULA | ||
| 245 |
_aMulan _cWalt Disney Home Entertainment _h[videorecording] DVD/ |
||
| 246 | _a. | ||
| 250 | _aSpecial Edition | ||
| 260 | _bWalt Disney Home Entertainment | ||
| 300 |
_a2 videodisc DVD; (92 min.) : _bsd., col. ; _c4 3/4 in. _fDVD |
||
| 440 | _aWalt Disney Home Entertainment | ||
| 500 | _aSole Distributor in India M/s. Excel Productions Autio Visuals Pvt. Ltd. | ||
| 500 | _aAll new Music Video Featuring Jackie Chan, Deleted Scenes, Games & Activities, Music & More, Backstage Disney | ||
| 500 | _aThis DVD is Copy Protected | ||
| 538 | _aDolby Digital 5.1 -English, Mandarin, thai, Cantonese Subtitles: English, Mandarin, Chinese, Bahasa,, Thai, Korean | ||
| 538 | _aAspect Ratio: 1.66:1, Presentation type: Wide Screen, Presentation Size 16x9, Format DVD 9 Dual Layer Single Sided Disc. | ||
| 650 | _aAnimated Movie | ||
| 942 |
_cCF _2ddc _hDVD _mMULA |
||
| 999 |
_c16414 _d16414 |
||